000118586 001__ 118586 000118586 005__ 20220916124054.0 000118586 037__ $$aTAZ-TFG-2022-1314 000118586 041__ $$aspa 000118586 1001_ $$aRuiz Gazulla, Alejandra 000118586 24200 $$aAlternative ways of financing Small and Medium Enterprises 000118586 24500 $$aFormas alternativas de financiar pequeñas y medianas empresas 000118586 260__ $$aZaragoza$$bUniversidad de Zaragoza$$c2022 000118586 506__ $$aby-nc-sa$$bCreative Commons$$c3.0$$uhttp://creativecommons.org/licenses/by-nc-sa/3.0/ 000118586 520__ $$aEn este documento, se mostrará al lector que el mercado de crowdfunding actualmente <br />no es grande en comparación con la cantidad de préstamos otorgados por los bancos, pero <br />que la cantidad de préstamos a través de plataformas crowdfunding está creciendo año <br />tras año. En 2020, ya había 8.400 millones de dólares en préstamos a través de <br />crowdfunding pendientes en Europa y esto crecería a más de 10.500 millones de dólares <br />para 2026. Comenzar y operar una plataforma de crowdfunding puede ser muy lucrativo, <br />pero está estrictamente controlado por el gobierno a nivel nacional y europeo.<br />Los países que actualmente están más avanzados en cuanto a volumen de préstamos y <br />número de plataformas son España y Holanda. Para las propias PYMES, los préstamos <br />entre particulares también son una muy buena solución porque permiten una distribución <br />más equitativa de la financiación, lo que en algunos países no ocurre a través del sistema <br />bancario tradicional. También es una buena solución para los inversores porque pueden <br />prestar dinero por una pequeña cantidad a una empresa en la que confían. Además, la <br />rentabilidad que se consigue es mucho más interesante que dejar el dinero en una cuenta <br />de ahorros o corriente.<br /><br /> 000118586 521__ $$aGraduado en Administración y Dirección de Empresas 000118586 540__ $$aDerechos regulados por licencia Creative Commons 000118586 700__ $$aYetano Sánchez de Muniaín, Ana$$edir. 000118586 7102_ $$aUniversidad de Zaragoza$$b $$c 000118586 8560_ $$f775611@unizar.es 000118586 8564_ $$s594362$$uhttps://zaguan.unizar.es/record/118586/files/TAZ-TFG-2022-1314.pdf$$yMemoria (spa) 000118586 909CO $$ooai:zaguan.unizar.es:118586$$pdriver$$ptrabajos-fin-grado 000118586 950__ $$a 000118586 951__ $$adeposita:2022-09-16 000118586 980__ $$aTAZ$$bTFG$$cECON 000118586 999__ $$a20220613190227.CREATION_DATE